000 00840nam a2200193 a 4500
003 0
005 20250311162706.0
008 090729s19uu xx 00 eng d
050 _aPHS PE 1068.K6
_b.K49 2009
100 _aKim, Min Ji.
245 _aVerbal communication skills as indicator of writing proficiency among selected Korean upper school students of Southville International School and Colleges /
_cMin Ji Kim.
260 _aLas PiƱas City, Philippines :
_bSouthville International School and Colleges,
_c2009.
300 _a31 pages :
_billustrations ;
_c28 cm.
504 _aIncludes bibliographical references.
650 _aEnglish language
_xStudy and teaching
_vKorean speakers.
650 _aOral communication
_xStudy and teaching (Secondary).
650 _aLanguage and languages
_xStudy and teaching.
942 _2lcc
_cPASS
999 _c98286
_d98286